000 00611nam a2200205 i 4500
001 59922
003 ES-MaACL
005 20250618142616.0
007 t|
008 031031s1932 fr ||||1| fre d
100 1 _aEscholier, Raymond.
_947541
245 1 0 _aEugène Delacroix et sa "consolatrice" /
_cRaymond Escholier.
260 _aParis :
_bArmand Colin,
_c1932 (
_eChartres :
_fDurand)
300 _a211 p. ;
_c20 cm.
490 1 _aAmes et visages
600 0 4 _aDelacroix, Eugène,
_d1798-1863
_943285
830 0 _aAmes et visages
_9183584
852 _aES-MaACL
_jA-2877
999 _c59922
_d59922